00788nam a2200217 i 4500001000700000003000900007005001700016007000300033008004100036100002100077245013900098250001200237260003900249300002200288490004000310600006800350600005400418700002600472830005100498852002100549149724ES-MaACL20250816062538.0t|071024s1986 sp |||| | spa d1 aVattimo, Gianni.14aLas aventuras de la diferencia b: pensar después de Nietzsche y Heidegger / cGianni Vattimo ; traducción de Juan Carlos Gentile. a1ª ed. aBarcelona : bPenínsula, c1986. a173 p. ; c20 cm.1 aHistoria, ciencia, sociedad ; v19714aNietzsche, Friedrich,d1844-1900-xCrítica e interpretación14aHeidegger, Martin-xCrítica e interpretación.1 aGentile, Juan Carlos.00aHistoria, ciencia, sociedad (Península)v197 aES-MaACLjL-9879